<?xml version="1.0" encoding="UTF-8"?>
<collection xmlns="http://www.loc.gov/MARC21/slim">
 <record>
  <leader>00853nam a22001935a 4500</leader>
  <controlfield tag="001">CEM.cems005988</controlfield>
  <controlfield tag="005">20060214000000.0</controlfield>
  <controlfield tag="008">130507b######################000#0#####d</controlfield>
  <controlfield tag="003">CEMS</controlfield>
  <datafield tag="082" ind1="0" ind2="4">
   <subfield code="a">331.8</subfield>
  </datafield>
  <datafield tag="100" ind1="1" ind2=" ">
   <subfield code="a">Siguan, Miguel</subfield>
  </datafield>
  <datafield tag="245" ind1="1" ind2="0">
   <subfield code="a">Problemas humanos del trabajo industrial /</subfield>
  </datafield>
  <datafield tag="250" ind1=" " ind2=" ">
   <subfield code="a">2a. ed.</subfield>
  </datafield>
  <datafield tag="260" ind1=" " ind2=" ">
   <subfield code="a">España :</subfield>
   <subfield code="b">Rialp,    0</subfield>
  </datafield>
  <datafield tag="300" ind1=" " ind2=" ">
   <subfield code="a">332 p.</subfield>
  </datafield>
  <datafield tag="505" ind1="0" ind2=" ">
   <subfield code="a">La inflación y sus efectos en los paises desarrollados y subdesarrollados; Teoria monetaria y tasas de interes; Reforma financiera de 1977; Tasas de interes internaciónal; Alternativas de política monetaria y cambiaria; Sistema financiero y comportamiento de la economia en el periodo 1977-1982; Crisis financiera internaciónal</subfield>
  </datafield>
  <datafield tag="653" ind1=" " ind2=" ">
   <subfield code="a">Trabajo industrial</subfield>
  </datafield>
  <datafield tag="653" ind1=" " ind2=" ">
   <subfield code="a">Trabajo industrial-aspectos so</subfield>
  </datafield>
  <datafield tag="859" ind1=" " ind2=" ">
   <subfield code="a">CEMS</subfield>
   <subfield code="b">BIB. CEMS - 11 de abril</subfield>
   <subfield code="h">331.8</subfield>
   <subfield code="i">Si27</subfield>
   <subfield code="p">302.73</subfield>
   <subfield code="t">Ej.1</subfield>
  </datafield>
 </record>
</collection>
